| 000 | 00931nam a2200229Ia 4500 | ||
|---|---|---|---|
| 001 | 17688 | ||
| 003 | GE_BSU | ||
| 008 | 181216s||||||||xx |||||||||||||| ||und|| | ||
| 040 | _cGE_BSU | ||
| 080 | _a355.48355.48(47+57)"1941" + 94(47+57)"1941-1945"(093.3) | ||
| 100 | _aკალანდაძე,ალექსანდრე | ||
| 245 | _aდღეები ბრესტის სიმაგრეში | ||
| 245 | _bდიდი სამამულო ომის მონაწილის მოგონება | ||
| 245 | _cრედ.:მ.თვრალაშვილი;მხატვ.:შ.დოლიძე | ||
| 260 | _aთბილისი | ||
| 260 | _bნაკადული | ||
| 260 | _c1968 | ||
| 300 | _a274გვ.;17სმ. | ||
| 300 | _eილ. | ||
| 653 | _aდიდი სამამულო ომის მონაწილის მოგონებები | ||
| 942 | _cBK | ||
| 999 |
_c50736 _d50736 |
||